Southville International School and Colleges
Your cart is empty.
  • Cart
  • Lists
    Public lists Eva Luna New books Lux_list list_1
    Your lists Log in to create your own lists
  • Log in to your account
  • Your cookies
  • Search history
Southville International School and Colleges
  • Advanced search
  • Recent comments
  • Most popular
  • Libraries

Log in to your account

Log in with GOOGLE


If you do not have an external account, but do have a local account, you can still log in:

  1. Home
  2. MARC view: IT enabled retailing./
Normal view MARC view ISBD view

IT enabled retailing./ (Record no. 22834)

[ view plain ]
MARC details
000 -LEADER
fixed length control field 00535nam a2200193 a 4500
005 - DATE AND TIME OF LATEST TRANSACTION
control field 20140310183435.0
008 - FIXED-LENGTH DATA ELEMENTS--GENERAL INFORMATION
fixed length control field 080121s19uu xx 00 eng d
020 ## - INTERNATIONAL STANDARD BOOK NUMBER
International Standard Book Number 81-7881-524-9
050 ## - LIBRARY OF CONGRESS CALL NUMBER
Classification number HF 5429.15
Item number .In88 2005
100 ## - MAIN ENTRY--PERSONAL NAME
Personal name Suresh, K, edited by
245 ## - TITLE STATEMENT
Title IT enabled retailing./
Statement of responsibility, etc edited by Suresh, K.
260 ## - PUBLICATION, DISTRIBUTION, ETC. (IMPRINT)
Place of publication, distribution, etc India :
Name of publisher, distributor, etc ICFAI University Press,
Date of publication, distribution, etc 2005.
300 ## - PHYSICAL DESCRIPTION
Extent 202 p. :
Dimensions 23 cm.
521 ## - TARGET AUDIENCE NOTE
Target audience note
650 ## - SUBJECT ADDED ENTRY--TOPICAL TERM
Topical term or geographic name as entry element Retailing.
650 ## - SUBJECT ADDED ENTRY--TOPICAL TERM
Topical term or geographic name as entry element Retail trade
General subdivision Management.
942 ## - ADDED ENTRY ELEMENTS (KOHA)
Koha item type Books
Source of classification or shelving scheme Library of Congress Classification
Call number prefix Foreign
Holdings
Withdrawn status Lost status Source of classification or shelving scheme Damaged status Home library Current library Shelving location Date acquired Total Checkouts Full call number Barcode Date last seen Copy number Price effective from Koha item type
    Library of Congress Classification   College Library College Library General Circulation Section 01/21/2008   HF 5429.15 .In88 2005 C9084 05/15/2018 1 03/10/2014 Books

IT enabled retailing./

APA

Suresh K. e. b., . (2005). IT enabled retailing. India: ICFAI University Press.

Chicago

Suresh K edited by, . 2005. IT enabled retailing. India: ICFAI University Press.

Harvard

Suresh K. e. b., . (2005). IT enabled retailing. India: ICFAI University Press.

MLA

Suresh K edited by, . IT enabled retailing. India: ICFAI University Press. 2005.

  • Place hold
  • Print
  • Cite
  • Add to your cart (remove)
  • Save record
    BIBTEX Dublin Core MARCXML MARC (non-Unicode/MARC-8) MARC (Unicode/UTF-8) MARC (Unicode/UTF-8, Standard) MODS (XML) RIS
  • More searches
    Search for this title in:
    Other Libraries (WorldCat) Other Databases (Google Scholar) Online Stores (Bookfinder.com) Open Library (openlibrary.org)

Exporting to Dublin Core...

SOUTHVILLE LIBRARY

Southville International School and Colleges Library

1281 Tropical Ave. Cor. Luxembourg St., BF Homes International, Las Pinas City

Tel. No. 8256374 / 252358 Loc. 117/146

Powered by Koha